000 00282nam a22001337a 4500
008 170130b xxu||||| |||| 00| 0 eng d
020 _a227774
041 _aeng
080 _a61
100 _a3
101 _aSHMI
245 _aRHYTHM QUIZLETS II
_cMARRIOT, H.J.L
942 _2udc
_cBK
999 _c4034
_d4034